Project Management (sound recording) (Record no. 85290)

MARC details
000 -LEADER
fixed length control field 00874cgm a2200265 4500
001 - CONTROL NUMBER
control field B3199
008 - FIXED-LENGTH DATA ELEMENTS--GENERAL INFORMATION
fixed length control field 090401t1989 xxu||||| |||| 00| 0 eng d
035 ## - SYSTEM CONTROL NUMBER
System control number (Sirsi) u54669
041 ## - LANGUAGE CODE
Language code of text/sound track or separate title eng
050 ## - LIBRARY OF CONGRESS CALL NUMBER
Classification number 658.404
100 ## - MAIN ENTRY--PERSONAL NAME
Personal name Graves, Frances
245 ## - TITLE STATEMENT
Title Project Management (sound recording)
260 ## - PUBLICATION, DISTRIBUTION, ETC.
Place of publication, distribution, etc. London
Name of publisher, distributor, etc. Royal Institution of Chartered Surveyors
Date of publication, distribution, etc. 1989
300 ## - PHYSICAL DESCRIPTION
Extent 1 sound cassette (60 min.)
350 ## - PRICE (NR) (BK AM CF MU VM SE) [OBSOLETE]
Price 10
490 ## - SERIES STATEMENT
Series statement Owlion Audio Programme
520 ## - SUMMARY, ETC.
Summary, etc. Published jointly with the College of Estate Management . Identifies and defines some of the key aspects of the system and discusses pertinent questions about this form of management control.
650 ## - SUBJECT ADDED ENTRY--TOPICAL TERM
Topical term or geographic name entry element AUDIO CASSETTES
700 ## - ADDED ENTRY--PERSONAL NAME
Personal name Macpherson, Ian
700 ## - ADDED ENTRY--PERSONAL NAME
Personal name Parnell, Lawrence
700 ## - ADDED ENTRY--PERSONAL NAME
Personal name Paterson, John
700 ## - ADDED ENTRY--PERSONAL NAME
Personal name Waterhouse, Roger
942 ## - ADDED ENTRY ELEMENTS (KOHA)
Suppress in OPAC 0
948 ## - LOCAL PROCESSING INFORMATION (OCLC); SERIES PART DESIGNATOR (RLIN)
c (OCLC) 04/03/1997
Holdings
Withdrawn status Lost status Source of classification or shelving scheme Damaged status Not for loan Home library Current library Shelving location Date acquired Cost, normal purchase price Total Checkouts Full call number Barcode Date last seen Date last checked out Copy number Cost, replacement price Price effective from Koha item type
    Dewey Decimal Classification     London London Basement 14/09/1999 10.00 15 SHELF 330 30031883 06/08/2019 14/03/2003 1 10.00 06/08/2019 Audio